000 00621nam a2200229Ia 4500
003 OSt
005 20221006164507.0
006 a|||||r|||| 00| 0
007 ta
008 221006b |||||||| |||| 00| 0 eng d
024 _a2,207
037 _cTextual
040 _aFML
_cFML
_beng
041 _2eng
_aeng
082 _aU8.2 ' K, K5
100 _aRamchandra Prasad Au.
_9677630
245 0 _aEarly English Travellers in India
260 _aNew Delhi
_bMotilal Banarasidas
_c1965
300 _a392
_ccm.
942 _hU8.2 ' K, K5
_cTEXL
_2CC
999 _c1117456
_d1117456